[Event "Hallstahammar op"]
[Site "Hallstahammar"]
[Date "2004.09.12"]
[Round "8"]
[White "Nilsson, Jerker Gustav"]
[Black "Ribbing Gren, Magnus"]
[Result "1-0"]
[WhiteElo "1922"]
[BlackElo "1604"]
[PlyCount "119"]
[EventDate "2004.09.10"]
[EventType "swiss"]
[EventRounds "8"]
[EventCountry "SWE"]
[SourceTitle "EXT 2005"]
[Source "ChessBase"]
[SourceDate "2004.11.15"]
[SourceVersion "1"]
[SourceVersionDate "2004.11.15"]
[SourceQuality "1"]

1. e4 e5 2. Nf3 Nf6 3. Nxe5 d6 4. Nf3 Nxe4 5. d4 d5 6. Bd3 Bd6 7. 0-0 0-0 8. c4 Bg4 9. cxd5 f5 10. Nc3 Nxc3 11. bxc3 Nd7 12. Bc2 Nf6 13. Bg5 h6 14. Bxf6 Qxf6 15. Qd3 Rae8 16. Rfe1 Re4 17. Nd2 Qh4 18. g3 Qh3 19. Nxe4 fxe4 20. Qf1 Qh5 21. Bxe4 Re8 22. Bg2 Be2 23. Rxe2 Qxe2 24. Bh3 Kh8 25. Be6 Qd2 26. Qc1 Qxc1+ 27. Rxc1 c6 28. Bd7 Re2 29. dxc6 bxc6 30. Bxc6 Rxa2 31. c4 Rd2 32. c5 Be7 33. d5 a5 34. d6 Bxd6 35. cxd6 Rxd6 36. Be4 Kg8 37. Rc7 Ra6 38. Rc8+ Kf7 39. Ra8 Rxa8 40. Bxa8 a4 41. Bd5+ Kf6 42. f4 a3 43. Kf2 Kg6 44. Kf3 Kf5 45. g4+ Kg6 46. Ke4 h5 47. g5 h4 48. Ke5 h3 49. Bc4 Kh7 50. Kf5 Kh8 51. Kg4 Kh7 52. f5 Kh8 53. f6 g6 54. Kf4 Kh7 55. Ke5 Kh8 56. Kd6 Kh7 57. Ke7 a2 58. Bxa2 Kh8 59. f7 Kh7 60. Bb3 1-0

[Event "Hallstahammar op"]
[Site "Hallstahammar"]
[Date "2004.09.12"]
[Round "7"]
[White "Ribbing Gren, Magnus"]
[Black "Jahjajev, Zaur"]
[Result "1-0"]
[WhiteElo "1604"]
[BlackElo "1831"]
[PlyCount "80"]
[EventDate "2004.09.10"]
[EventType "swiss"]
[EventRounds "8"]
[EventCountry "SWE"]
[SourceTitle "EXT 2005"]
[Source "ChessBase"]
[SourceDate "2004.11.15"]
[SourceVersion "1"]
[SourceVersionDate "2004.11.15"]
[SourceQuality "1"]

1. e4 e6 2. d4 d5 3. Nd2 Nf6 4. e5 Nfd7 5. f4 c5 6. c3 Nc6 7. Ndf3 Qa5 8. Kf2 f6 9. g3 Be7 10. Bh3 f5 11. Ne2 Nf8 12. Bg2 Bd7 13. Be3 0-0-0 14. Ng5 Be8 15. h4 h6 16. Nf3 Bh5 17. dxc5 Bxc5 18. Bxc5 Qxc5+ 19. Ned4 Kb8 20. Rc1 g5 21. hxg5 hxg5 22. Rxh5 Rxh5 23. Nxg5 Rxg5 24. fxg5 Nxe5 25. Qe2 Nfg6 26. Kf1 Qe7 27. Re1 Rf8 28. Nf3 Nxf3 29. Bxf3 e5 30. Bxd5 f4 31. g4 f3 32. Qe4 Qh7 33. Qb4 Rd8 34. Bxf3 Rf8 35. Qe4 Qh3+ 36. Kf2 Qh2+ 37. Ke3 Qxb2 38. Qb4 Rxf3+ 39. Kxf3 Nh4+ 40. Ke4 Qc2+ 1-0